Normal view
MARC view
- Short stories in Urdu
Entry Topical Term
001 - CONTROL NUMBER
- control field: 98771
003 - CONTROL NUMBER IDENTIFIER
- control field: NUST
005 - DATE AND TIME OF LATEST TRANSACTION
- control field: 20220905085501.0
008 - FIXED-LENGTH DATA ELEMENTS
- fixed length control field: 220905|| aca||aabn | a|a d
040 ## - CATALOGING SOURCE
- Original cataloging agency: NUST
- Transcribing agency: NUST
150 ## - HEADING--TOPICAL TERM
- Topical term or geographic name entry element: Short stories in Urdu
670 ## - SOURCE DATA FOUND
- Source citation: Work cat.: (NUST)591354: Bano Qudsiyah, 1928-2017. 1163, Baazgusht /, 2011.
